00479nam a2200133 a 450000500170000000800410001702000180005805000180007610000200009424500550011426000400016999900190020995201170022820140412111418.0070906s19uu xx 00 eng d a971-508-209-2 aBBbPa18 2003 aGatmaitan, Luis aAng pambihirang buhok ni Raquel /cLuis Gatmaitan. aPhilippines :bAdarna house,c2003. c105935d105935 001040aELbELcBBd2007-09-06eLib. Fundg100.00l0oBB Pa18 2003pE10991r2014-04-12 00:00:00w2014-04-12yBK